Statistiche per Quiz sulla città di Genova

Clicka qui per fare il quiz!

Statistiche generali

  • Questo quiz è stato fatto 196 volte
  • Il punteggio medio è 14 su 24

Statistiche sulle risposte

CategoriaDescrizioneRisposta% Corretto
Geografia e luoghi famosiRegione amministrativa di GenovaLiguria
89%
Geografia e luoghi famosiFaro simbolo di GenovaLa {Lanterna}
85%
Genovesi famosiNavigatore che mise piede in America nel 1492 al servizio dell'impero spagnoloCristoforo Colombo
83%
CulturaSquadre di calcio di Serie AGenoa
83%
CulturaCondimento "alla genovese" con basilico, aglio e pinoliPesto
83%
StoriaGenoa è una delle quattro Repubbliche marinare. Scrivi il nome di una altra delle tre.Pisa | Venezia | Amalfi
83%
StoriaPonte autostradale crollato nel 2018, provocando 43 mortiPonte {Morandi}
83%
CulturaSquadre di calcio di Serie ASampdoria
83%
CulturaAzienda di crociere son sede a GenovaCosta Crociere
69%
Genovesi famosiIl suo album Crêuza de mä è cantato interamente cantato in dialetto genoveseFabrizio de Andre
66%
Geografia e luoghi famosiPiazza maggiore di GenovaPiazza de Ferrari
62%
Genovesi famosiArchitetto del Shard di Londra e del Centre Pompidou di ParigiRenzo Piano
59%
CulturaSoprannome di GenovaLa {Superba}
52%
Geografia e luoghi famosiGrattacieli più alti di GenovaIl Matitone
46%
StoriaSimbolo raffigurato sulla stemma di GenovaCroce di {San} {Giorgio}
43%
StoriaLa stoffa di questo vestito poplare fu fabricata a GenovaBlue Jeans
41%
StoriaFamiglia che governa Monaco, originaria di GenovaGrimaldi
41%
Genovesi famosiPiù famoso violinista genoveseNiccolo Paganini
40%
Geografia e luoghi famosiQuello di Genova, inaugurato nel 1992, è il più visitato d'italiaAquario
39%
StoriaTitolo del reggente di Genova, 1339-1797Doge
39%
Geografia e luoghi famosiPiù famosa località pittoresca in periferia di GenovaPortofino
39%
CulturaSanto patronoSan Giovanni Battista
38%
Geografia e luoghi famosiGrattacieli più alti di GenovaTorre Piacentini
11%
StoriaGioco reso popolare a Genova nel XV secoloLotteria
3%

Distribuzione punteggi

Percentile per numero di risposta

Percentuale di utenti per punteggio

I tuoi punteggi nel tempo

Non hai fatto questo quiz